000 00417nam a22001817a 4500
005 20250325141126.0
008 250325b |||||||| |||| 00| 0 eng d
020 _a8185127832
041 _ahin
082 _a891.433
_bNAS
100 _aNath, Krishna
245 _aSpeeti Mein Baarish
250 _a2nd Ed.
260 _aNew Delhi
_bVagdevi Prakashan
_c2021
300 _a232p.
650 _aHINDI
942 _cBK
999 _c50185
_d50185